| 000 | 00587nam a22002057a 4500 | ||
|---|---|---|---|
| 005 | 20251108165011.0 | ||
| 008 | 250721s9999 xx 000 0 ara d | ||
| 082 | 1 | 4 | _a658.456/بيل |
| 100 | 1 | _aبيل، مالكوم | |
| 245 | 1 | 0 | _aالإجتماعات كيف تجعلها ناجحة / |
| 264 | _c[19-]. | ||
| 300 | _a203ص | ||
| 650 | 1 | 7 | _aالإجتماعات |
| 650 | 1 | 7 | _aالإدارة |
| 650 | 1 | 7 | _aتقنيات الإدارة |
| 650 | 1 | 7 | _aالمفاوضات |
| 700 | 1 |
_aعبد الرحمن، مشيرة محمود _eترجمة |
|
| 942 |
_2ddc _cBK |
||
| 999 |
_c19533 _d19533 |
||